000 00636nam a2200157 a 4500
001 000039993
005 20201002033843.0
008 130802s2010 mx 000 0 spa d
020 _a9786070212345
040 _aDO-SdBNP
_bspa
_cBNPHU
100 1 _aPérez-Tamayo, Ruy
_966219
245 1 0 _aMedicina y Cultura :
_bdiscurso de ingreso a la Academia mexicana de la Lengua 23 de abril de 1987 /
_cRuy Pérez Tamayo ; repuesta de Carlos Montemayor,.
260 _aMéxico :
_bDirección General de Publicaciones y Fomento Editorial :
_bAcademia Mexicana de la Lengua,
_c2010.
300 _a61 p. ;
_c18 cm.
700 1 _aMontemayor, Carlos
_933611
999 _c39483
_d39483